000
003180000a22001450004500
005
20120302062935.0
942
_c
BOOK
100
_a
_a
_b
_c
245
_a
TAPOVAN PRASAD
260
_a
CHETPUR : CHINMAYA MISSION
300
_a
116 P.
040
_a
ENG
365
_b
RS.120/-
650
_a
CHINMAY MISSION / TAPOVAN
999
_c
358093
_d
358090